Weather and bird behaviour

Αποθηκεύτηκε σε:
Λεπτομέρειες βιβλιογραφικής εγγραφής
Κύριος συγγραφέας: Elkins, Norman
Άλλοι συγγραφείς: Fisher, Crispin (Εικονογράφος)
Μορφή: Βιβλίο
Γλώσσα:English
Δημοσίευση: Calton : T. and A. D. Poyser, 1988
Έκδοση:2nd ed.
Θέματα:
Ετικέτες: Προσθήκη ετικέτας
Δεν υπάρχουν, Καταχωρήστε ετικέτα πρώτοι!

MARC

LEADER 00000nam a2200000 i 4500
001 1/93856
008 940912s1988 eng d
020 |a 0-85661-051-8 
035 |l 10008990 
040 |a GR-MY-UA  |b gre  |e aacr 
041 0 |a eng 
082 0 |a 598.15 
100 1 |a Elkins, Norman. 
245 1 0 |a Weather and bird behaviour /  |c Norman Elkins ; Illustrated by Crispin Fisher 
250 |a 2nd ed. 
260 |a Calton :   |b T. and A. D. Poyser,   |c 1988 
300 |a 239 σ., 16 σ. πινάκων;  |b εικ., χάρτες;  |c 24 εκ. 
504 |a Περιέχει βιβλιογραφικές παραπομπές (σ. 215-223) και ευρετήρια 
650 0 0 |a Birds  |x Behavior  |x Climatic factors. 
700 1 |a Fisher, Crispin.  |4 ill 
852 |a INST  |b LESVOS  |e 19940912  |h 598.15 WEA  |p 005100008961  |q 005100008961  |t BK  |y 0 
909 |a Λ  |b 036418 
922 |a 1ΕΛΗ  |b 199409  |c ΑΚΡΙΩΤΗΣ 
950 |a 077-1994-04-12